[Event "TCh-CAT Gp2 2017"]
[Site "masterchessopen.com Barcelona ESP"]
[Date "2017.01.28"]
[Round "2.10"]
[White "Lopez Santana,O"]
[Black "Campins Machado,Francesc"]
[Result "1-0"]
[WhiteElo "2121"]
[BlackElo "2058"]

1. e4 c5 2. Nc3 e6 3. f4 d5 4. Nf3 dxe4 5. Nxe4 Be7 6. g3 Nf6 7. Nf2 Nc6 8.
Bg2 O-O 9. O-O Qc7 10. Nd3 b6 11. Nde5 Bb7 12. Qe2 Nd4 13. Nxd4 Bxg2 14. Kxg2
cxd4 15. c4 dxc3 16. dxc3 Rad8 17. c4 Bc5 18. Be3 Bd4 19. Bxd4 Rxd4 20. Rad1
Rfd8 21. Rxd4 Rxd4 22. Rd1 Qb7+ 23. Kh3 Rxd1 24. Qxd1 g6 25. Qd4 Qe4 26. Qxe4
Nxe4 27. Nc6 Nd6 28. Nxa7 Nxc4 29. Nc8 b5 30. Na7 b4 31. b3 Ne3 32. Nc6 Nd5
33. Kg2 Kf8 34. Kf3 Ke8 35. Ke2 f6 36. Kd3 Kd7 37. Nd4 Kd6 38. Kc4 Nc3 39. a4
Nd5 40. Nc2 e5 41. fxe5+ fxe5 42. Nxb4 Ne3+ 43. Kb5 Nf1 44. Kb6 Nd2 45. a5
Nxb3 46. a6 Nc5 47. a7 Nd7+ 48. Kb5 {#r} 1-0

[Event "TCh-CAT Gp2 2017"]
[Site "masterchessopen.com Barcelona ESP"]
[Date "2017.01.28"]
[Round "2.2"]
[White "Dorca Dilme,R"]
[Black "Oratovsky,M"]
[Result "0-1"]
[WhiteElo "2229"]
[BlackElo "2482"]

1. e4 c5 2. Nc3 a6 3. g3 b5 4. Bg2 Bb7 5. d3 e6 6. Nh3 b4 7. Ne2 d5 8. exd5
Bxd5 9. Nef4 Bxg2 10. Nxg2 Nc6 11. O-O Nf6 12. Ng5 Be7 13. Be3 O-O 14. Ne4 c4
15. Nf4 e5 16. Nxf6+ Bxf6 17. Ne2 Qc8 18. dxc4 Rd8 19. Qc1 Qg4 20. Re1 e4 21.
Bf4 g5 22. h3 Qxh3 23. Bc7 Rd7 24. Nf4 gxf4 25. Qxf4 Bxb2 26. Rab1 Bg7 27.
Rxe4 Nd4 28. Bb6 Ne6 29. Qe3 Rc8 30. Re1 h6 31. Qf3 Ng5 32. Re8+ Kh7 {#R} 0-1

[Event "PRO League Pacific 2017"]
[Site "masterchessopen.com chess.com INT"]
[Date "2017.02.01"]
[Round "4"]
[White "Aleskerov,F"]
[Black "Khachiyan,M"]
[Result "0-1"]
[WhiteElo "2315"]
[BlackElo "2530"]

1. e4 c5 2. Nc3 Nc6 3. g3 g6 4. Bg2 Bg7 5. Nge2 Rb8 6. a4 a6 7. O-O d6 8. d3
b5 9. axb5 axb5 10. f4 b4 11. Nd5 e6 12. Ne3 Nge7 13. f5 gxf5 14. exf5 exf5
15. Nxf5 Bxf5 16. Bxc6+ Nxc6 17. Rxf5 O-O 18. Nf4 Nd4 19. Rh5 Re8 20. Bd2 Ra8
21. Rb1 Qe7 22. Qg4 f5 23. Qd1 Qb7 24. Kf2 Re2+ 25. Qxe2 Nxe2 26. Nxe2 Qf7 27.
Rh4 Qa2 28. Rc1 Qxb2 29. Rf4 b3 30. Rc4 Qa2 31. Nc3 Bxc3 32. Bxc3 b2 33. Bxb2
Qxb2 34. Re1 d5 35. Rf4 Qxc2+ 36. Re2 Qxd3 37. Rf3 Qd4+ 38. Kg2 Rf8 39. Rf4
Qd3 40. Ref2 c4 41. g4 c3 {#R} 0-1

[Event "22nd HIT Open 2017"]
[Site "masterchessopen.com Nova Gorica SLO"]
[Date "2017.01.30"]
[Round "6.9"]
[White "Srebrnic,M"]
[Black "Kersic,M"]
[Result "1-0"]
[WhiteElo "2373"]
[BlackElo "2174"]

1. e4 c5 2. Nc3 e6 3. g3 Nc6 4. Bg2 g6 5. d3 Bg7 6. Be3 Nd4 7. f4 d6 8. Nf3
Ne7 9. O-O O-O 10. Qd2 Rb8 11. Rae1 b6 12. Ne2 Nxf3+ 13. Bxf3 d5 14. e5 d4 15.
Bf2 Bb7 16. Bxb7 Rxb7 17. g4 g5 18. fxg5 Ng6 19. Bg3 Bxe5 20. Bxe5 Nxe5 21.
Ng3 Nxg4 22. Qf4 f5 23. Rxe6 Ne3 24. Rf2 Qd5 25. Rd6 Qxa2 26. h3 Qb1+ 27. Kh2
Qd1 28. g6 Rg7 29. Nxf5 Nxf5 30. Qxf5 Re8 31. Qe6+ {#r} 1-0

[Event "Turkish Cup 2017"]
[Site "masterchessopen.com Antalya TUR"]
[Date "2017.01.31"]
[Round "6.13"]
[White "Olcum,A"]
[Black "Ozen,Batuhan"]
[Result "1-0"]
[WhiteElo "2190"]
[BlackElo "2007"]

1. e4 c5 2. d3 Nc6 3. g3 g6 4. Bg2 Bg7 5. Nc3 d6 6. Be3 Rb8 7. Qd2 b5 8. f4 b4
9. Nd1 Bg4 10. Nf3 Nd4 11. O-O Nxf3+ 12. Bxf3 Bxf3 13. Rxf3 Nf6 14. h3 O-O 15.
g4 Nd7 16. g5 Qc7 17. h4 Qc6 18. Rh3 d5 19. Qg2 dxe4 20. dxe4 Nb6 21. e5 Nd5
22. c4 bxc3 23. Nxc3 Rfd8 24. Rd1 e6 25. Ne4 Qb5 26. Bc1 Rd7 27. Rb3 Nb4 28.
Rxd7 Qxd7 29. Qd2 Qc6 30. Nf6+ Bxf6 31. gxf6 c4 32. Rg3 Qb6+ 33. Kh2 Rd8 34.
Qg2 Kf8 35. h5 Nd3 36. hxg6 fxg6 37. Bd2 Kf7 38. Qh3 h5 39. Rg2 Qxb2 40. Ba5
Qb8 41. Bxd8 Nxf4 42. Qa3 Qxd8 43. Qxa7+ Ke8 44. Rb2 {#r} 1-0

[Event "Turkish Cup 2017"]
[Site "masterchessopen.com Antalya TUR"]
[Date "2017.02.02"]
[Round "8.3"]
[White "Eminov,O"]
[Black "Haznedaroglu,K"]
[Result "0-1"]
[WhiteElo "2203"]
[BlackElo "2501"]

1. e4 c5 2. Nc3 Nc6 3. g3 g6 4. Bg2 Bg7 5. d3 d6 6. Be3 Rb8 7. Qd2 b5 8. Nge2
b4 9. Nd1 Nf6 10. Bh6 O-O 11. Bxg7 Kxg7 12. O-O Nd4 13. f4 a5 14. Nc1 Qb6 15.
Ne3 c4 16. Kh1 cxd3 17. Nxd3 Bb7 18. Nf2 Ne6 19. Rad1 Rbd8 20. Nd5 Bxd5 21.
exd5 Nc5 22. f5 Na4 23. Rde1 Nxb2 24. Rxe7 Rde8 25. Rxe8 Rxe8 26. fxg6 hxg6
27. Qf4 Nh5 28. Qh4 Qd8 29. Qd4+ Qf6 30. Qb6 Nc4 31. Qc6 Nd2 32. Qxe8 Nxf1 33.
Qe1 Nfxg3+ 34. hxg3 Nxg3+ 35. Kh2 Nf5 36. Nd3 Nd4 37. Qd2 Qh4+ 38. Kg1 Qg3 39.
Ne1 Qg4 40. Qd3 Ne2+ 41. Kf2 Nc3 42. a3 Qh4+ {#R} 0-1

[Event "Portugal Open 2017"]
[Site "masterchessopen.com Lisbon POR"]
[Date "2017.02.05"]
[Round "4.5"]
[White "Vorobiov,E"]
[Black "Suarez Uriel,A"]
[Result "1-0"]
[WhiteElo "2580"]
[BlackElo "2389"]

1. Nf3 g6 2. e4 c5 3. c3 d5 4. e5 Nc6 5. d4 Bg7 6. Bb5 Qb6 7. Bxc6+ Qxc6 8.
O-O Nh6 9. Bf4 cxd4 10. cxd4 Bg4 11. Qd2 Nf5 12. Ne1 Qc4 13. Nc2 Be2 14. Re1
Bh5 15. Nc3 Rd8 16. Rac1 h6 17. b3 Qa6 18. Ne3 Nxe3 19. Bxe3 Bg4 20. Na4 Bd7
21. Rc7 Bxa4 22. bxa4 O-O 23. Rxe7 Rfe8 24. Rxe8+ Rxe8 25. Qc2 b6 26. Qc6 Re7
27. Rc1 Kh7 28. Qxd5 Qxa4 29. g3 h5 30. Qd6 Rd7 31. Qc6 Rxd4 32. Bxd4 Qxd4 33.
e6 fxe6 34. Qxe6 b5 35. Rc6 Qd3 36. Qb3 Qe2 37. Qc2 Qe8 38. Rc5 Kh6 39. Qd2+
Kh7 40. Qd3 Kh6 41. Qe3+ Qxe3 42. fxe3 {#r} 1-0

[Event "25th Fajr Open 2017"]
[Site "masterchessopen.com Sareyn IRI"]
[Date "2017.02.01"]
[Round "7.5"]
[White "Mosadeghpour,Masoud"]
[Black "Gholami,A"]
[Result "1-0"]
[WhiteElo "2478"]
[BlackElo "2426"]

1. e4 c5 2. Nf3 g6 3. c3 d5 4. exd5 Qxd5 5. d4 Bg7 6. Na3 Nf6 7. Bc4 Qe4+ 8.
Be3 O-O 9. O-O cxd4 10. Nxd4 a6 11. Re1 Qe5 12. Qf3 Qc7 13. Bf4 Qd8 14. Rad1
Nbd7 15. Qe2 e6 16. Bb3 Nh5 17. Bd6 Re8 18. Qf3 Qf6 19. Qe4 Bf8 20. Nc4 Nc5
21. Qe3 Nxb3 22. Nxb3 Bxd6 23. Rxd6 Qe7 24. Qd4 Ng7 25. Qc5 b5 26. Nb6 Rb8 27.
Nd5 Qg5 28. Nc7 Nf5 29. Nxe8 Bb7 30. Nf6+ Qxf6 31. Rb6 Rc8 32. Qe5 Qe7 33. Nd4
Nxd4 34. Qxd4 Ba8 35. Qe5 Qd8 36. Rxa6 Qd2 37. Rd6 Qxb2 38. Rxe6 Qxa2 39. Re8+
Rxe8 40. Qxe8+ Kg7 41. Qe5+ Kg8 42. Qf6 {#r} 1-0

[Event "Turkish Cup 2017"]
[Site "masterchessopen.com Antalya TUR"]
[Date "2017.02.04"]
[Round "11.8"]
[White "Kesgin,Halit Kaan"]
[Black "Eminov,O"]
[Result "0-1"]
[WhiteElo "2127"]
[BlackElo "2203"]

1. e4 c5 2. Nf3 g6 3. d4 cxd4 4. Qxd4 Nf6 5. e5 Nc6 6. Qa4 Nd5 7. Qe4 Ndb4 8.
Bb5 Bg7 9. a3 Na6 10. Bxa6 bxa6 11. O-O O-O 12. Nc3 Rb8 13. b4 Bb7 14. Qe2 d6
15. Bf4 Rc8 16. Ne4 dxe5 17. Rad1 Qb6 18. Bg5 Nd4 19. Nxd4 exd4 20. Nc5 e5 21.
Qd2 Rfe8 22. Bh6 Bh8 23. f3 Bd5 24. Rfe1 a5 25. Nd3 axb4 26. axb4 Qc6 27. Re2
Qc3 28. Qc1 f5 29. Rde1 e4 30. fxe4 fxe4 31. Nf4 Bf7 32. Rxe4 Rxe4 33. Rxe4
Qxb4 34. Nd3 Qc3 35. Qf4 Qxc2 36. Re7 Bd5 37. Ne1 Qc5 38. Rd7 Re8 39. Nd3 Qc2
40. Rxd5 Qxd3 41. Rd7 Qe3+ 42. Qxe3 dxe3 43. Bxe3 Rxe3 44. Rd8+ Kg7 45. Rd7+
Kh6 46. Rxa7 Bd4 {#R} 0-1

[Event "PRO League Central 2017"]
[Site "masterchessopen.com chess.com INT"]
[Date "2017.02.01"]
[Round "4"]
[White "Adu,O"]
[Black "Diamant,A"]
[Result "0-1"]
[WhiteElo "2288"]
[BlackElo "2515"]

1. e4 c5 2. Nf3 g6 3. d3 Bg7 4. Nbd2 Nc6 5. g3 e5 6. Bg2 Nge7 7. O-O O-O 8. a3
a5 9. a4 d6 10. Nc4 f5 11. exf5 gxf5 12. c3 Kh8 13. Re1 f4 14. gxf4 Bg4 15.
Qb3 Rb8 16. Qb6 Qd7 17. Ng5 exf4 18. f3 Bf5 19. Ne4 Nc8 20. Qb3 Bg6 21. Qd1 b6
22. Na3 d5 23. Ng5 Ne5 24. d4 cxd4 25. Nb5 dxc3 26. bxc3 Nc4 27. Bh3 Bf5 28.
Bxf4 Rb7 29. Bxf5 Qxf5 30. Ne6 Rg8 31. Nxg7 Qxf4 32. Qxd5 Rbxg7+ 33. Kh1 Nd2
34. Nd4 Rg5 35. Qe6 Nxf3 36. Qe2 Rg2 37. Qxg2 Rxg2 38. Kxg2 Nxe1+ 39. Rxe1 Nd6
40. Re6 Qg4+ 41. Kf1 Nf5 42. Re8+ Kg7 43. Ne2 Qxa4 44. Re5 Qg4 45. Kf2 a4 46.
Rb5 a3 47. Rxb6 Qc4 48. Rb7+ Kf6 49. Rb6+ Ke5 50. Rb4 Qxb4 {#R} 0-1

[Event "TCh-SWE Elitserien"]
[Site "masterchessopen.com Sweden SWE"]
[Date "2017.02.04"]
[Round "5.1"]
[White "Rozentalis,E"]
[Black "Smith,Ax"]
[Result "1-0"]
[WhiteElo "2576"]
[BlackElo "2506"]

1. e4 c5 2. Nf3 g6 3. g3 Bg7 4. Bg2 Nc6 5. O-O e5 6. a3 Nge7 7. b4 cxb4 8.
axb4 Nxb4 9. Ba3 Nbc6 10. Bd6 b6 11. Nc3 Bb7 12. Nd5 O-O 13. Re1 f6 14. d4
exd4 15. Nxd4 Rf7 16. Nb5 Nc8 17. Bc7 Qf8 18. Bf4 Ne5 19. Ndc7 Rb8 20. Nxa7
Qd6 21. Nab5 Qxd1 22. Raxd1 Bc6 23. Bxe5 fxe5 24. Bf1 Re7 25. Bc4+ Kf8 26. Rd3
Bh6 27. Nd5 Bxd5 28. Bxd5 Ke8 29. Nc7+ {#r} 1-0

[Event "4th Floripa Masters 2017"]
[Site "masterchessopen.com Florianopolis BRA"]
[Date "2017.01.29"]
[Round "4.4"]
[White "Cunha,Lucas Aguiar"]
[Black "Umetsubo,C"]
[Result "0-1"]
[WhiteElo "2287"]
[BlackElo "2407"]

1. e4 c5 2. Nf3 a6 3. c3 d5 4. exd5 Qxd5 5. d4 Nf6 6. Be3 cxd4 7. cxd4 Bg4 8.
Nc3 Qd6 9. Qa4+ Nbd7 10. Ne5 e6 11. Bb5 Bf5 12. g4 Bg6 13. g5 Rd8 14. gxf6
axb5 15. fxg7 Bxg7 16. Nxb5 Qe7 17. Bf4 O-O 18. Nxg6 fxg6 19. Bd6 Qh4 20. Bxf8
Qe4+ 21. Kd2 Rxf8 22. Rhf1 Rf3 23. Qa8+ Nf8 24. Qa5 Bh6+ 25. Kd1 Rd3+ {#R} 0-1

[Event "Gibraltar Masters 2017"]
[Site "masterchessopen.com Caleta ENG"]
[Date "2017.02.01"]
[Round "9.74"]
[White "Liang,Awonder"]
[Black "Aroven,M"]
[Result "1-0"]
[WhiteElo "2496"]
[BlackElo "2172"]

1. e4 c5 2. Nf3 Nc6 3. Bb5 d6 4. O-O Bd7 5. Re1 Nd4 6. Nxd4 cxd4 7. Bc4 Qc7 8.
d3 g6 9. c3 Bg7 10. cxd4 Bxd4 11. Nc3 Qa5 12. Rf1 e6 13. Qb3 Qb6 14. Qc2 Rc8
15. a4 Kf8 16. Ne2 Bf6 17. Be3 Qb4 18. Bd2 Qc5 19. Qb3 Qb6 20. Qa3 Bxb2 21. a5
Bxa3 22. axb6 Bc5 23. bxa7 Ra8 24. Rfb1 Bc6 25. d4 d5 26. exd5 exd5 27. dxc5
dxc4 28. Bc3 f6 29. Nd4 Kf7 30. Nxc6 bxc6 31. Rb8 Ne7 32. Rxh8 {#r} 1-0

[Event "Gibraltar Masters 2017"]
[Site "masterchessopen.com Caleta ENG"]
[Date "2017.02.01"]
[Round "9.82"]
[White "Compton,A"]
[Black "Povah,N"]
[Result "0-1"]
[WhiteElo "2094"]
[BlackElo "2298"]

1. e4 c5 2. Nf3 Nc6 3. c3 d5 4. exd5 Qxd5 5. Na3 Bg4 6. Be2 e5 7. h3 Bh5 8.
O-O O-O-O 9. Re1 Nf6 10. g4 Bg6 11. Bc4 Qd7 12. Bb5 Nxg4 13. Qa4 e4 14. Bxc6
bxc6 15. hxg4 Qxg4+ 16. Kf1 Qh3+ 17. Kg1 Rd6 18. Nh2 Bh5 19. Re3 Rg6+ 20. Rg3
Rxg3+ 21. fxg3 Qxg3+ 22. Kf1 Bd6 23. Qxc6+ Kb8 24. Qb5+ Kc7 25. Qc4 Qh3+ {#R}
0-1

[Event "Portugal Open 2017"]
[Site "masterchessopen.com Lisbon POR"]
[Date "2017.02.04"]
[Round "2.23"]
[White "Sousa,Andre Ventura"]
[Black "Borensztajn,D"]
[Result "1-0"]
[WhiteElo "2380"]
[BlackElo "2113"]

1. e4 c5 2. Nf3 Nc6 3. Bb5 Nd4 4. Nxd4 cxd4 5. c3 g6 6. cxd4 Qb6 7. Nc3 Qxd4
8. O-O a6 9. Be2 Nf6 10. d3 Bg7 11. Be3 Qb4 12. e5 Ng8 13. Nd5 Qa5 14. Nb6 Rb8
15. Rc1 Kd8 16. Qc2 Bxe5 17. Qxc8+ {#r} 1-0

[Event "Portugal Open 2017"]
[Site "masterchessopen.com Lisbon POR"]
[Date "2017.02.05"]
[Round "4.16"]
[White "Sousa,H"]
[Black "Rocha,S"]
[Result "0-1"]
[WhiteElo "2165"]
[BlackElo "2378"]

1. e4 c5 2. Nf3 Nc6 3. Nc3 e5 4. a4 Nf6 5. Bc4 Be7 6. d3 d6 7. O-O Bg4 8. h3
Bh5 9. Nd5 h6 10. c3 O-O 11. Ne3 Nh7 12. Kh2 Kh8 13. g4 Bg6 14. Nf5 Bf6 15.
Bd2 Qd7 16. a5 Nd8 17. Bd5 Rb8 18. Qa4 Qc7 19. Qc4 Ne6 20. b4 Nhg5 21. Ng1 Nf4
22. Be3 Nge6 23. Rfb1 b6 24. axb6 axb6 25. b5 Bg5 26. h4 Bf6 27. Nf3 Qd8 28.
Bc6 Bxf5 29. gxf5 Bxh4 30. fxe6 fxe6 31. d4 Qf6 32. Qf1 Ng6 33. Qg2 Qxf3 34.
Qxg6 Rf6 35. Qg2 Qh5 36. Rg1 Bg3+ {#R} 0-1

[Event "PRO League Eastern 2017"]
[Site "masterchessopen.com chess.com INT"]
[Date "2017.02.01"]
[Round "4"]
[White "Jeran,B"]
[Black "Cawdery,D"]
[Result "0-1"]
[WhiteElo "2236"]
[BlackElo "2418"]

1. e4 c5 2. Nf3 Nc6 3. Bb5 Nf6 4. d3 g6 5. Bxc6 dxc6 6. h3 Bg7 7. Nc3 O-O 8.
Be3 Nd7 9. Qd2 Qb6 10. Rb1 Rd8 11. O-O Qc7 12. b3 b6 13. Na4 Nf8 14. Bh6 Ne6
15. Nh2 Bxh6 16. Qxh6 b5 17. Nb2 Nd4 18. Qd2 Bxh3 19. c3 Bxg2 20. Kxg2 Qxh2+
21. Kxh2 Nf3+ 22. Kg3 Nxd2 23. f4 Nxb1 24. Rxb1 f6 {#R} 0-1

[Event "Dutch League 2016-17"]
[Site "masterchessopen.com Netherlands NED"]
[Date "2017.02.04"]
[Round "6.10"]
[White "Umudova,N"]
[Black "Dek,L"]
[Result "0-1"]
[WhiteElo "2247"]
[BlackElo "2266"]

1. e4 c5 2. Nf3 Nc6 3. b3 Nf6 4. e5 Nd5 5. Bb2 g6 6. e6 f6 7. exd7+ Bxd7 8.
Bc4 Nb6 9. Qe2 e5 10. O-O Nxc4 11. Qxc4 Qe7 12. a3 Be6 13. Qe2 Bg7 14. b4 cxb4
15. d4 Bd5 16. dxe5 fxe5 17. c4 Bxf3 18. Qxf3 e4 19. Qb3 Bxb2 20. Qxb2 O-O 21.
Nd2 e3 22. Nf3 Rae8 23. axb4 exf2+ 24. Rxf2 Nxb4 25. Qb3 Qc5 26. Kf1 Re3 27.
Ra5 Rxb3 28. Rxc5 Nd3 {#R} 0-1

[Event "Gibraltar Masters 2017"]
[Site "masterchessopen.com Caleta ENG"]
[Date "2017.01.31"]
[Round "8.21"]
[White "Maze,S"]
[Black "Kobo,Ori"]
[Result "1-0"]
[WhiteElo "2613"]
[BlackElo "2482"]

1. e4 c5 2. Nf3 Nc6 3. Bb5 g6 4. Bxc6 bxc6 5. O-O Bg7 6. Re1 Rb8 7. c3 Nf6 8.
h3 O-O 9. d3 d6 10. e5 Nd5 11. Na3 Ba6 12. Nc4 Qc7 13. Qa4 Bb5 14. Qa3 Bxc4
15. dxc4 Nb6 16. exd6 exd6 17. Qa5 Qd7 18. b3 Qf5 19. Bd2 Rb7 20. Re2 Nd7 21.
Rae1 Ne5 22. Nxe5 Bxe5 23. Qa6 Rc7 24. Re4 h5 25. b4 cxb4 26. cxb4 Bg7 27. Bf4
d5 28. Bxc7 dxe4 29. Qxc6 Rc8 30. Rd1 e3 31. fxe3 Qc2 32. Rd7 Qc1+ 33. Kh2
Qxe3 34. Qd5 Qf2 35. Bg3 Qf1 36. c5 Re8 37. Rd8 Rxd8 38. Qxd8+ Kh7 39. c6 f5
40. Qd2 h4 41. Bf4 g5 42. Qc1 Qd3 43. c7 Bb2 44. Qe3 {#r} 1-0

[Event "Portugal Open 2017"]
[Site "masterchessopen.com Lisbon POR"]
[Date "2017.02.04"]
[Round "2.3"]
[White "Gharamian,T"]
[Black "Hill,Alistair"]
[Result "1-0"]
[WhiteElo "2624"]
[BlackElo "2200"]

1. e4 c5 2. Nf3 Nc6 3. Bb5 g6 4. Bxc6 bxc6 5. O-O Bg7 6. Re1 Nh6 7. c3 O-O 8.
d4 cxd4 9. cxd4 d5 10. e5 f6 11. exf6 exf6 12. Nbd2 Re8 13. Rxe8+ Qxe8 14. h3
Nf7 15. Nb3 Bf5 16. Bf4 Bf8 17. Rc1 g5 18. Bh2 Nd6 19. Nfd2 Rc8 20. Qf3 Qg6
21. Bxd6 Bxd6 22. Rxc6 Rxc6 23. Qxd5+ Qf7 24. Qxc6 Qe6 25. Qc4 Kg7 26. Qxe6
Bxe6 27. Ne4 Bf4 28. Nc3 Kf7 29. Kf1 Bc4+ 30. Ke1 Ke6 31. Nc5+ Ke7 32. b3 Bf7
33. Ke2 Bc1 34. Nd3 {#r} 1-0

[Event "Turkish Cup 2017"]
[Site "masterchessopen.com Antalya TUR"]
[Date "2017.02.03"]
[Round "10.15"]
[White "Sari,Yasin"]
[Black "Ozen,Batuhan"]
[Result "1-0"]
[WhiteElo "2149"]
[BlackElo "2007"]

1. e4 c5 2. Nf3 Nc6 3. Bb5 g6 4. Bxc6 dxc6 5. d3 Bg7 6. h3 e5 7. a4 Qe7 8. a5
Nf6 9. Nc3 Nd7 10. O-O Nf8 11. Be3 Ne6 12. Na4 O-O 13. Re1 Rd8 14. Qb1 Rb8 15.
c3 b5 16. axb6 axb6 17. b4 Ba6 18. Rd1 Nf4 19. Bxf4 exf4 20. bxc5 b5 21. Nb2
b4 22. c4 Bc8 23. d4 g5 24. e5 f5 25. Nh2 h5 26. Na4 g4 27. hxg4 hxg4 28. Nb6
Qg5 29. Qxb4 f3 30. Qe1 fxg2 31. Nxc8 Rb3 32. Nd6 Rh3 33. Ra7 Bh6 34. Kxg2 Qf4
35. Qg1 Rxh2+ 36. Qxh2 Qf3+ 37. Kg1 Qxd1+ 38. Kg2 Qf3+ 39. Kg1 Rb8 40. Ra1 Rb2
41. Qg2 Rxf2 42. Ra8+ Kg7 43. Qxf2 Qd1+ 44. Kg2 f4 45. Nf5+ Kh7 46. Ra7+ Kh8
47. Ra8+ Kh7 48. Nxh6 {#r} 1-0

[Event "PRO League Eastern 2017"]
[Site "masterchessopen.com chess.com INT"]
[Date "2017.02.01"]
[Round "4"]
[White "Jeran,B"]
[Black "De Abreu,Roberto N"]
[Result "1-0"]
[WhiteElo "2236"]
[BlackElo "2110"]

1. Nf3 c5 2. e4 Nc6 3. Bb5 g6 4. Bxc6 bxc6 5. O-O Bg7 6. Re1 Nh6 7. c3 O-O 8.
d4 cxd4 9. cxd4 d6 10. h3 f6 11. Nc3 Rb8 12. b3 Nf7 13. Bb2 Qa5 14. Qc2 Qh5
15. Qd3 g5 16. Nh2 Qg6 17. Rad1 h5 18. Ne2 f5 19. exf5 Bxf5 20. Qe3 g4 21.
hxg4 hxg4 22. Nf4 Qg5 23. Qg3 Nd8 24. Bc1 Qf6 25. Nxg4 Bxg4 26. Qxg4 Rb5 27.
d5 cxd5 28. Nh5 Qxf2+ 29. Kh2 Qf7 30. Rf1 Rb4 31. Qg5 Ne6 32. Rxf7 Nxg5 33.
Rxg7+ Kh8 34. Rxg5 Rh4+ 35. Kg3 Re4 36. Rh1 {#r} 1-0

[Event "Gibraltar Masters 2017"]
[Site "masterchessopen.com Caleta ENG"]
[Date "2017.01.30"]
[Round "7.85"]
[White "Kandic,Mila"]
[Black "Loh,Zachary"]
[Result "0-1"]
[WhiteElo "2061"]
[BlackElo "2291"]

1. e4 c5 2. Nf3 Nc6 3. d4 cxd4 4. Nxd4 Qb6 5. Nb3 Nf6 6. Nc3 e6 7. Be3 Qc7 8.
f4 Bb4 9. Bd3 d5 10. e5 Ne4 11. Bxe4 dxe4 12. Qg4 Ne7 13. Bd4 O-O 14. O-O-O
Bxc3 15. Bxc3 Nd5 16. Rxd5 exd5 17. f5 b5 18. Qg5 h6 19. Qh5 a5 20. f6 Ra6 21.
fxg7 Re8 22. Rf1 a4 23. Nc5 Rg6 24. Bd4 Be6 25. g3 e3 26. Rf4 Qc8 27. Rf6 Bg4
28. Qh4 Rxf6 29. Qxf6 Qf5 30. Nd7 e2 31. Bf2 Rc8 32. c3 Qd3 33. Qxf7+ Kxf7 34.
e6+ Kxg7 {#R} 0-1

[Event "22nd HIT Open 2017"]
[Site "masterchessopen.com Nova Gorica SLO"]
[Date "2017.01.29"]
[Round "5.9"]
[White "Schmidek,Emil"]
[Black "Riccobon,Elia"]
[Result "1-0"]
[WhiteElo "2232"]
[BlackElo "2003"]

1. e4 c5 2. Nf3 Nc6 3. d4 cxd4 4. Nxd4 e5 5. Nb5 a6 6. Nd6+ Bxd6 7. Qxd6 Qe7
8. Qd1 f5 9. Nc3 Nf6 10. Bg5 Nd4 11. Nd5 Qc5 12. Bxf6 gxf6 13. c3 fxe4 14.
Nxf6+ Ke7 15. Nxe4 Qc6 16. Qg4 Nc2+ 17. Kd2 Nxa1 18. Qg7+ Ke6 19. Bc4+ Qxc4
20. Qf6+ Kd5 21. Qf7+ Kxe4 22. f3# 1-0

[Event "PRO League Central 2017"]
[Site "masterchessopen.com chess.com INT"]
[Date "2017.02.01"]
[Round "4"]
[White "Agrest,I"]
[Black "Makaj,M"]
[Result "0-1"]
[WhiteElo "2273"]
[BlackElo "2332"]

1. e4 c5 2. Nf3 Nc6 3. d4 cxd4 4. Nxd4 Nf6 5. Nc3 e5 6. Ndb5 d6 7. Bg5 a6 8.
Na3 b5 9. Bxf6 gxf6 10. Nd5 Bg7 11. c4 f5 12. cxb5 Nd4 13. b6 O-O 14. exf5 Bb7
15. Bc4 Rc8 16. Bb3 Rc5 17. Ne3 d5 18. O-O Qxb6 19. Qh5 Nxb3 20. axb3 Qxb3 21.
Ng4 f6 22. Rad1 d4 23. Rd2 Qf7 24. Nh6+ Bxh6 25. Qxh6 Qg7 26. Qh3 Kh8 27. Rd3
Be4 28. Rg3 Qd7 29. Qh6 Rf7 30. b4 Rc3 31. Rxc3 dxc3 32. Qe3 Qd3 33. Qc5 c2
34. b5 axb5 35. Nxb5 Qd5 36. Qc8+ Kg7 37. Nc7 Qd1 38. Ne6+ Kh6 39. Qc3 Bd3 40.
Re1 Rb7 41. h3 Qxe1+ 42. Qxe1 Rb1 {#R} 0-1

[Event "PRO League Pacific 2017"]
[Site "masterchessopen.com chess.com INT"]
[Date "2017.02.01"]
[Round "4"]
[White "Sheng,Joshua"]
[Black "Mamedov,Rau"]
[Result "0-1"]
[WhiteElo "2372"]
[BlackElo "2688"]

1. e4 c5 2. Nf3 Nc6 3. d4 cxd4 4. Nxd4 Nf6 5. Nc3 e5 6. Ndb5 d6 7. Bg5 a6 8.
Na3 Be6 9. Nc4 Rb8 10. Bxf6 Qxf6 11. Nb6 Qg6 12. g3 Be7 13. Bg2 h5 14. Nbd5
Bd8 15. Qd2 h4 16. f4 h3 17. Bf3 Nd4 18. Bd1 f5 19. exf5 Qxf5 20. O-O O-O 21.
Rf2 b5 22. a3 Qf7 23. Bf3 a5 24. b4 Qa7 25. Be4 axb4 26. Nxb4 exf4 27. Raf1
Bc4 28. Kh1 Bxf1 29. Rxf1 Bg5 30. gxf4 Bh6 31. Qd3 Kh8 32. f5 Rbc8 33. Ncd5
Rce8 34. f6 Ne6 35. Bg6 Rc8 36. Bf5 Rce8 37. Qxh3 Ng5 38. Qh5 Qd4 39. Ne7 Rf7
40. Nbc6 Qxf6 41. Bd3 Qe6 42. Rxf7 Nxf7 43. Bg6 Qe1+ 44. Kg2 Qd2+ 45. Kh1 Qf2
46. Bxf7 Qf1# 0-1

[Event "TCh-HUN 2016-17"]
[Site "masterchessopen.com Hungary HUN"]
[Date "2017.01.29"]
[Round "5.10"]
[White "Nagy,Ben"]
[Black "Rigo,Ja"]
[Result "1-0"]
[WhiteElo "2305"]
[BlackElo "2236"]

1. e4 c5 2. Nf3 Nc6 3. d4 cxd4 4. Nxd4 Nf6 5. Nc3 g6 6. Nxc6 dxc6 7. Qxd8+
Kxd8 8. Bg5 Nd7 9. Bc4 f6 10. Bh4 g5 11. Bg3 h5 12. h4 e5 13. hxg5 fxg5 14.
O-O-O Bg7 15. Rd6 h4 16. Bh2 Rh6 17. Bxe5 Ke7 18. Rxd7+ Bxd7 19. Bxg7 Rg6 20.
Bd4 b6 21. f4 gxf4 22. Rxh4 Rf8 23. Rh7+ Ke8 24. Bg7 f3 25. g3 Be6 26. Bxe6 f2
27. Bc4 f1=Q+ 28. Bxf1 Rxf1+ 29. Kd2 Rxg3 30. Bd4 Rg2+ 31. Ne2 c5 32. Be3 Rg4
33. Nf4 Rgxf4 34. Bxf4 Rxf4 35. Ke3 Rf1 36. Rxa7 Re1+ 37. Kf4 Re2 38. Rb7 Rxc2
39. Rxb6 c4 40. a4 c3 41. bxc3 Rxc3 42. Rb7 Rc5 43. Ra7 Kd8 44. e5 Kc8 45. Kf5
Kb8 46. Rd7 Ra5 47. Rd4 {#r} 1-0

[Event "4th Floripa Masters 2017"]
[Site "masterchessopen.com Florianopolis BRA"]
[Date "2017.01.31"]
[Round "8.2"]
[White "Cunha,Lucas Aguiar"]
[Black "Rodriguez Vila,A"]
[Result "0-1"]
[WhiteElo "2287"]
[BlackElo "2468"]

1. e4 c5 2. Nf3 Nc6 3. d4 cxd4 4. Nxd4 g6 5. Nc3 Bg7 6. Nb3 Bxc3+ 7. bxc3 Nf6
8. Bd3 d5 9. exd5 Qxd5 10. O-O Qd6 11. h3 O-O 12. Re1 Rd8 13. Qe2 Nd5 14. Bc4
Bf5 15. Bxd5 Qxd5 16. c4 Qe6 17. Be3 Nb4 18. g4 Bxc2 19. Nd4 Qe4 20. a3 e5 21.
Ne6 Bd3 22. Qd2 Nc2 23. Nxd8 Nxa1 24. Bg5 Qd4 25. Bf6 Qd6 26. Qg5 Bxc4 27.
Rxa1 h6 28. Qh4 Rc8 29. g5 h5 30. Nxb7 Qd2 31. Rb1 Bd5 32. Nc5 Qc2 33. Re1 Qc3
34. Rxe5 Qc1+ 35. Kh2 Qh1+ 36. Kg3 Qf3+ 37. Kh2 Qg2# 0-1